Úspešná Nafta Gbely stavila na stabilný rast
Úspechy banského podniku Nafta, a.s. Gbely, hospodárske výsledky 1991-1993. Pätina zisku na dividendy. Rozhodujúce postavenie FNM. Zásobáreň zemného plynu. Pokles ťažby ropy a zemného plynu. Investície za 800 mil. Sk. Rast zisku a investícií.
Guardado en:
| Autor principal: | |
|---|---|
| Formato: | Capítulo de libro |
| Lenguaje: | eslovaco |
| Materias: | |
| Etiquetas: |
Sin Etiquetas, Sea el primero en etiquetar este registro!
|
MARC
| LEADER | 00000naa a2200000 4500 | ||
|---|---|---|---|
| 001 | r015244 | ||
| 005 | 20221205091407.9 | ||
| 041 | 0 | |a slo | |
| 044 | |a SK | ||
| 245 | 1 | 0 | |a Úspešná Nafta Gbely stavila na stabilný rast |c J. Hajko |
| 520 | |a Úspechy banského podniku Nafta, a.s. Gbely, hospodárske výsledky 1991-1993. Pätina zisku na dividendy. Rozhodujúce postavenie FNM. Zásobáreň zemného plynu. Pokles ťažby ropy a zemného plynu. Investície za 800 mil. Sk. Rast zisku a investícií. | ||
| 610 | 2 | 0 | |a Nafta, a.s. Gbely |
| 610 | 2 | 0 | |a hospodárenie podnikové |
| 610 | 2 | 0 | |a 1993 |
| 610 | 2 | 0 | |a rozdeľovanie zisku |
| 610 | 2 | 0 | |a investície |
| 610 | 2 | 0 | |a dividendy |
| 610 | 2 | 0 | |a ukazovatele finančné |
| 610 | 2 | 0 | |a 1991-1993 |
| 100 | 1 | |a Hajko, J. | |